<?xml version="1.0" encoding="UTF-8"?>
<marc:record xmlns:marc="http://www.loc.gov/MARC21/slim">
   <marc:leader>00000nam a2200000 a 4500</marc:leader>
   <marc:datafield ind1="1" ind2=" " tag="100">
      <marc:subfield code="a">Renz, Monika</marc:subfield>
      <marc:subfield code="4">aut</marc:subfield>
      <marc:subfield code="e">Verfasser/-in</marc:subfield>
   </marc:datafield>
   <marc:datafield ind1=" " ind2=" " tag="653">
      <marc:subfield code="a">Todeserfahrung</marc:subfield>
   </marc:datafield>
   <marc:datafield ind1=" " ind2=" " tag="653">
      <marc:subfield code="a">Sterben</marc:subfield>
   </marc:datafield>
   <marc:datafield ind1="0" ind2="0" tag="245">
      <marc:subfield code="a">Zeugnisse Sterbender</marc:subfield>
   </marc:datafield>
   <marc:datafield ind1="0" ind2="0" tag="245">
      <marc:subfield code="b">Todesnähe als Wandlung und letzte Reifung ; mit Ideenkarteien für Betreuer und Angehörige sowie den 10 häufigsten Fragen zum Thema ; [Ratgeber im Verstehen der Innenwelt von Sterbenden</marc:subfield>
   </marc:datafield>
   <marc:datafield ind1="0" ind2="0" tag="245">
      <marc:subfield code="c">Monika Renz</marc:subfield>
   </marc:datafield>
   <marc:datafield ind1=" " ind2="1" tag="264">
      <marc:subfield code="a">Paderborn</marc:subfield>
      <marc:subfield code="b">Junfermann</marc:subfield>
      <marc:subfield code="c">2008</marc:subfield>
   </marc:datafield>
   <marc:datafield ind1=" " ind2=" " tag="250">
      <marc:subfield code="a">Erg. und durchges. Neuaufl., 4., überarb. und durchges. Aufl.</marc:subfield>
   </marc:datafield>
   <marc:datafield ind1="1" ind2=" " tag="520">
      <marc:subfield code="a">Angaben aus der Verlagsmeldung

Zeugnisse Sterbender : Todesnähe als Wandlung und letzte Reifung / von Monika Renz

Sterben ist mehr als körperliches Ableben. Todesnähe wird auch zum radikalen Loslassen und zur Erfahrung von letzter Reifung und spiritueller Öffnung. Der Grenzbereich werdenden und sterbenden Lebens hat seine eigene Wahrnehmung, seine eigenen Ängste, Sehnsüchte, seine eigene Musik. Was Sterbende erleben und auszudrücken versuchen, kommt bisweilen wie verschlüsselt bei uns an. Den Zeugnissen vieler Sterbender folgend, muss es hinter dem Geheimnis des Todes etwas geben, wovon sie zutiefst angezogen sind und wovor sie sich zugleich äußerst fürchten. Todesnähe scheint Übergang und Zentrierung auf das eigene Wesentliche zu sein. Der Tod selbst bleibt Geheimnis.
Dieses Buch ist ein Ratgeber im Verstehen der Innenwelt von Sterbenden. Es spricht nicht nur von der Würde des Menschen, sondern macht diese in Beispiel und Atmosphäre anschaubar.
</marc:subfield>
   </marc:datafield>
   <marc:datafield ind1=" " ind2=" " tag="020">
      <marc:subfield code="a">9783873877122</marc:subfield>
      <marc:subfield code="9">9783873877122</marc:subfield>
   </marc:datafield>
   <marc:datafield ind1=" " ind2=" " tag="041">
      <marc:subfield code="a">ger</marc:subfield>
   </marc:datafield>
   <marc:datafield ind1=" " ind2=" " tag="300">
      <marc:subfield code="a">223 S.</marc:subfield>
   </marc:datafield>
</marc:record>
